Nadácia pre pomoc ľuďom postihnutým Rettovým syndrómom - Slovensko

Bibliographic Details
Main Author: Škorecová, Oľga (Author)
Format: Article
Language:Slovak
ISSN:1336-2208
Subjects:

MARC

LEADER 00000nab a2200000 ar4500
001 vtls008297547
003 SK-MaSNL
005 20260303094740.0
008 160329c2005 xo |||||||| ||00 b|slo
015 |a SNBRB2005/09  |2 snkbucl 
038 |a SNKBUCL 
040 |a SNKBUCL  |b slo  |c SNKBUCL  |e AACR2 
041 0 |a slo 
044 |a xo  |c SK 
080 |a 364:616.8-007:061.27  |2 1997 
080 |a 616.8-007  |2 1997 
080 |a 061.27  |2 1997 
080 |a 364.26  |2 1997 
100 1 |a Škorecová, Oľga  |4 aut  |9 485006 
245 1 0 |a Nadácia pre pomoc ľuďom postihnutým Rettovým syndrómom - Slovensko  |c Oľga Škorecová, Mária Šimuljaková 
610 2 7 |a Nadácia pre pomoc ľuďom postihnutým Rettovým syndrómom a ich rodinám - Slovensko  |2 snkbucl 
650 0 7 |a Rettov syndróm  |2 snkbucl  |9 24838 
773 0 |t Humanita  |g Roč. XIII, č. 4 (2005), s. 10  |x 1336-2208 
852 |a SNK  |b KIS3GCP 
958 |a MI 
999 |c 1822345  |d 1824275